Online
Catalog

La palabra de los estudiantes. (Record no. 30968)

MARC details
000 -CABECERA
campo de control de longitud fija 00881nam a2200169 a 4500
001 - NÚMERO DE CONTROL
campo de control 000031476
005 - FECHA Y HORA DE LA ÚLTIMA TRANSACCIÓN
campo de control 20210608221756.0
008 - DATOS DE LONGITUD FIJA--INFORMACIÓN GENERAL
campo de control de longitud fija 110627q1936 dr c 000 | spa d
040 ## - FUENTE DE LA CATALOGACIÓN
Centro catalogador/agencia de origen DO-SdBNP
Lengua de catalogación spa
Centro/agencia transcriptor BNPHU
082 ## - NÚMERO DE LA CLASIFICACIÓN DECIMAL DEWEY
Número de clasificación xxx
Número de documento/Ítem E74p
049 ## - FONDOS LOCALES (OCLC)
Fondos de biblioteca BNPD
110 ## - ENTRADA PRINCIPAL--NOMBRE DE ENTIDAD CORPORATIVA
Nombre de entidad corporativa o nombre de jurisdicción como elemento de entrada Escuela Normal de Santiago de los Caballeros
9 (RLIN) 57865
245 13 - MENCIÓN DE TÍTULO
Título La palabra de los estudiantes.
260 ## - PUBLICACIÓN, DISTRIBUCIÓN, ETC.
Lugar de publicación, distribución, etc. Ciudad Trujillo, República Dominicana :
Nombre del editor, distribuidor, etc. Sindicato,
Fecha de publicación, distribución, etc. [1936?].
300 ## - DESCRIPCIÓN FÍSICA
Extensión 47 p. :
Otras características físicas retrs. ;
Dimensiones 22 cm.
500 ## - NOTA GENERAL
Nota general Discursos pronunciados por el director y estudiantes normalistas de la Escuela Normal de Santiago de los Caballeros, la noche del 24 de noviembre de 1936, en su mitin de protesta frente a la incalificable actitud de indiferencia del ex Diputado Miguel Ángel Roca, contra el ilustre benefactor de la patria, generalísimo Dr. Rafael L. Trujillo Molina Hon. Presidente de la República.
Holdings
Estado de retiro Estado de pérdida Restricciones de uso No para préstamo Código de colección Localización permanente Ubicación/localización actual Ubicación en estantería Fecha de adquisición Número de inventario Total de préstamos Signatura topográfica completa Código de barras Fecha visto por última vez Precio válido a partir de Tipo de ítem Koha Nota pública
      Excluido de préstamo Raros y valiosos Patrimonio Dominicano Patrimonio Dominicano En catalogación 27.06.2011 LF1   xxx E74p 31476-10 25.06.2020 25.06.2020 No se presta Perteneció a la biblioteca personal de Martínez Boog.

Powered by Koha